Institutiones Philosophiae Moralis (Registro nro. 308827)
[ vista simple ]
| 000 -ENCABEZADO | |
|---|---|
| Número de control [NR] | 01719nam a2200277 4500 |
| 005 - FECHA Y HORA DE LA ÚLTIMA TRANSACCIÓN | |
| control field | 20171129153519.0 |
| 008 - DE LONGITUD FIJA DE DATOS DE ELEMENTOS - INFORMACIÓN GENERAL | |
| Elementos de longitud fija [NR] | 171129s1882 |||| |||| 001 0 lat d |
| 040 ## - FUENTE DE CATALOGACION [NR] | |
| Agencia de catalogación original [NR] | CO-BoUCM |
| Idioma de catalogación [NR] | spa |
| Quien Cataloga | Sandra Yazo |
| Quien Clasifica | Sandra Yazo |
| 041 0# - CODIGO DE IDIOMA [R] | |
| Código de idioma para texto/pista de sonido o título separado [R] | Latín |
| 082 04 - NUMERO DE CLASIFICACION DECIMAL DEWEY [R] | |
| Número de la edición [NR] | 20 |
| Número de clasificación [R] | 170 |
| 092 ## - SIGNATURA TOPOGRAFICA LOCAL | |
| Número de clasificación local | E44N069 |
| 100 1# - ASIENTO PRINCIPAL--NOMBRE PERSONAL [NR] | |
| Nombre personal [NR] | Ferretti, Augusto |
| Fechas asociadas con el nombre [NR] | 1845-1911 |
| ID Autoridad | 89768 |
| 242 00 - TRADUCCION DEL TITULO POR LA AGENCIA CATALOGADORA [R] | |
| Título [NR] | Lecciones de filosofía moral |
| Mención de responsabilidad, etc. [NR] | Augusto Ferretti |
| Código de idioma del título traducido [NR] | spa |
| 245 10 - MENCION DE TITULO [NR] | |
| Título [NR] | Institutiones Philosophiae Moralis |
| Mención de responsabilidad, etc. [NR] | Augusto Ferretti |
| 260 ## - PUBLICACION, DISTRIBUCION, ETC. (PIE DE IMPRENTA) [R] | |
| Lugar de publicación, distribución, etc. [R] | [Lugar desconocido] |
| Nombre del editor, distribuidor, etc. [R] | [Editorial desconocida] |
| Fecha de publicación, distribución, etc. [R] | 1882 |
| 300 ## - DESCRIPCION FISICA [R] | |
| Extensión [R] | 656, [14] páginas |
| Dimensiones [R] | 23 x 16 cm. |
| 500 ## - NOTA GENERAL [R] | |
| Nota general [NR] | Detalles físicos: Encuadernación rígida (holandesa) en cartón forrado en papel jaspeado. Lomo de cuero con letras y líneas decorativas en dorado. Guardas. Portada en una sola tinta enmarcada en un doble recuadro. Texto en una sola columna. Notas de pie de página. Periódicamente, otras notas inferiores señalan a qué folio del texto corresponde lo copiado. Tapas con esquinas dobladas, bordes deteriorados, papel rasgado y residuos de cinta pegante. Sello de tinta en guarda y otro en la portada "Biblioteca del Seminario - Bogotá". Copia manuscrita del libro original |
| 505 0# - NOTA DE CONTENIDO CON FORMATO PREESTABLECIDO [R] | |
| Nota de contenido con formato preestablecido [NR] | Parte I - II: El fin último y la plena felicidad del ser humano ; Los actos humanos ; Moralidad de los actos humanos ; La ley moral ; La conciencia moral ; Los hábitos morales -- Los deberes y derechos en general ; El derecho social ; El derecho individual |
| 546 ## - NOTA DE IDIOMA [R] | |
| Nota de idioma [NR] | Texto en latín con expresiones en griego |
| 650 #7 - ASIENTO SECUNDARIO DE MATERIA - TERMINO TEMATICO [R] | |
| 9 (RLIN) | 195 |
| Término temático o nombre geográfico como elemento de entrada [NR] | Ética |
| 650 #7 - ASIENTO SECUNDARIO DE MATERIA - TERMINO TEMATICO [R] | |
| 9 (RLIN) | 14772 |
| Término temático o nombre geográfico como elemento de entrada [NR] | Escolasticismo |
| 650 #7 - ASIENTO SECUNDARIO DE MATERIA - TERMINO TEMATICO [R] | |
| 9 (RLIN) | 9345 |
| Término temático o nombre geográfico como elemento de entrada [NR] | Aristotelismo |
| 650 #7 - ASIENTO SECUNDARIO DE MATERIA - TERMINO TEMATICO [R] | |
| 9 (RLIN) | 25513 |
| Término temático o nombre geográfico como elemento de entrada [NR] | Tomismo |
| 690 ## - ASUNTO AGREGADO LOCAL DE ENTRADA - TÉRMINO TEMÁTICO (OCLC, RLIN) | |
| Acceso temático local | Filosofía |
| 9 (RLIN) | 75 |
| 942 ## - ELEMENTOS DE ENTRADA AGREGADOS (KOHA) | |
| Sistema de clasificación | LOCAL |
| Tipo de ítem principal el descrito en 300a | Libro |
| Edición | 2 |
| Clasificación | E44N069 |
| Suprimido | Perdido | Sistema de clasificación | Dañado | No prestable | Tipo de ítem específico | Ubicación habitual | Ubicación actual | Localización | Fecha de creación | Forma de adquisición | Costo | Total préstamos | Signatura topográfica | Código de barras | Última vez visto | Ejemplar | Price effective from | Tipo de ítem |
|---|---|---|---|---|---|---|---|---|---|---|---|---|---|---|---|---|---|---|
| LOCAL | Libro archivo | Archivo Histórico | Archivo Histórico | Archivo histórico | 29/11/2017 | Donación | 0.00 | E44N069 | L006394 | 29/11/2017 | Ej.1 | 29/11/2017 | Libro |